<A> Lesson in School Reform from Great Britain

Guardado en:
Detalles Bibliográficos
Autor principal: Chubb, John E.
Otros Autores: Moe, Terry M.
Formato: Libro
Lenguaje:inglés
Publicado: Washington The Brookings Institution 1992
Edición:1. ed.
Materias:
Etiquetas: Agregar Etiqueta
Sin Etiquetas, Sea el primero en etiquetar este registro!

MARC

LEADER 00000nam a2200000 4500
001 c003024
005 20221221080242.3
041 0 |a eng 
044 |a US 
245 1 0 |a <A> Lesson in School Reform from Great Britain  |c John E. Chubb, Terry M. Moe 
250 |a 1. ed. 
264 1 |a Washington  |b The Brookings Institution  |c 1992 
300 |a 50 s. 
610 2 0 |a reformy školské 
610 2 0 |a Veľká Británia 
610 2 0 |a výchova 
610 2 0 |a vzdelávanie 
100 1 |a Chubb, John E. 
700 1 |a Moe, Terry M.